| 000 | 00000nam##2200000za#4500 |
| 001 | 9.663007 |
| 003 | CaOODSP |
| 005 | 20210615120838 |
| 007 | ta |
| 008 | 150407|2001||||xxc||||| f|0| 0 eng|d |
| 020 | |a0-662-65930-9 |
| 040 | |aCaOODSP|beng |
| 041 | |aeng |
| 041 | |afre |
| 043 | |an-cn--- |
| 086 | 1 |aBT43-100/2001 |
| 110 | 1 |aCanada.|bTreasury Board.|bHuman Resources Branch. |
| 245 | 10|aHuman Resources Management Framework : |ba reference tool for managers |
| 260 | |aOttawa - Ontario : |bTreasury Board of Canada Secretariat. |c2001. |
| 300 | |aEnglish text, 19p. : |bfig. ; |c26 cm. |
| 520 | 3 |aThis latest update of the federal government’s 3-year-old human resources management framework is a compilation of proven human resources management practices. It is intended to help managers assess departmental management regimes and make well-informed strategic decisions. New in the 2001 addition is a section on human resources management capacity, including performance indicators, as well as a summary of criteria of good performance measurement. The 2001 edition also includes a list of measurement tools and information sources for human resources managers. |
| 546 | |aBilingual |
| 563 | |aSoftcover |
| 590 | |a02-22|b2002-05-31 |
| 690 | 07|aHuman resources|2gcpds |
| 690 | 07|aPersonnel management|2gcpds |
| 690 | 07|aPublic service|2gcpds |
| 776 | 0#|tCadre de gestion des ressources humaines |w(CaOODSP)9.630711 |
| 776 | 0#|tHuman resources management framework |w(CaOODSP)9.686208 |
| 792 | |tCadre de gestion des ressources humaines : |efre|w(CaOODSP)9.663008 |